Geography Chain Grab Bag Quiz Stats

Quiz Updated Dec 8, 2014

Also try: Science Grab Bag
Challenge
Share
Tweet
Embed
Score 0/31 Timer 07:00
13 Plays Today
Hint Country % Correct
????
100%
????
97.1%
????
95.1%
????
82.6%
????
63.4%
????
60.1%
????
54.9%
????
52.8%
????
48.3%
????
46.4%
????
45.5%
????
44.1%
????
42.8%
????
41.9%
????
41.6%
????
38.5%
Hint Country % Correct
????
37.7%
????
36.9%
????
34%
????
33%
????
26.9%
????
22.8%
????
22.6%
????
22.3%
????
22%
????
21.6%
????
20.9%
????
18.1%
????
16.9%
????
16.1%
????
14.8%

You're not logged in!

Compare scores with friends on all Sporcle quizzes.
Join for Free
OR
Log In

You Might Also Like...

Show Comments

Extras

Top Quizzes Today


Score Distribution

Your Account Isn't Verified!

In order to create a playlist on Sporcle, you need to verify the email address you used during registration. Go to your Sporcle Settings to finish the process.

Report this User

Report this user for behavior that violates our Community Guidelines.

Details: